Statistics for Best Actor Wins Without Best Picture Nomination

Click here to take the quiz!

General Stats

  • This quiz has been taken 23 times
    (7 since last reset)
  • The average score is 21 of 42

Answer Stats

Film% Correct
Brendan Fraser
100%
Denzel Washington
100%
The Whale
100%
Tom Hanks
100%
Jeff Bridges
83%
Philadelphia
83%
Training Day
83%
Crazy Heart
67%
Humphrey Bogart
67%
John Wayne
67%
Nicolas Cage
67%
True Grit
67%
Fredric March
50%
Jack Lemmon
50%
Jeremy Irons
50%
Leaving Las Vegas
50%
Michael Douglas
50%
Paul Newman
50%
The African Queen
50%
The Color of Money
50%
William Holden
50%
A Double Life
33%
A Free Soul
33%
Art Carney
33%
Cat Ballou
33%
Charly
33%
Cliff Robertson
33%
Cyrano de Bergerac
33%
Dr. Jekyll and Mr. Hyde
33%
Emil Jannings
33%
Forest Whitaker
33%
Harry and Tonto
33%
José Ferrer
33%
Lee Marvin
33%
Lionel Barrymore
33%
Reversal of Fortune
33%
Ronald Colman
33%
Save the Tiger
33%
Stalag 17
33%
The Last King of Scotland
33%
Wall Street
33%
The Last Command /
The Way of All Flesh
17%

Score Distribution

Percentile by Number Answered

Percent of People with Each Score

Your Score History

You have not taken this quiz since the last reset